00462pab a2200145 454500008004000000100002100040245008000061260000900141300001500150362000800165650002300173650003800196650002200234773006000256180718b2002 xxu||||| |||| 00| 0 eng d aHeppell, Timothy aThe ideological composition of the Parliamentary Conservative Party 1992-97 c2002 ap.299-324. aJun aConservative party aPolitical parties - Great Britain aPolitical parties aBritish Journal of Politics and International Relations